| 000 | 01275nam a2200241Ii 4500 | ||
|---|---|---|---|
| 003 | JO-AjNU | ||
| 005 | 20240625135800.0 | ||
| 008 | 230605s9999||||xx |||||||||||||| ||und|| | ||
| 040 |
_aJO-AjNU _bara _erda _cJO-AjNU |
||
| 041 | _aara | ||
| 050 | 1 | 4 | _aHF5668 2021 |
| 100 | 1 |
_aالجبوري، عذاب عقاب احمد _eمعد _965675 |
|
| 245 | 0 | 0 |
_aدور التدقيق الاختباري في تقييم الرقابه المحاسبية والادارية في الشركات الصناعية العراقية= The Role of the Test Audit in EvaLuating Accounting and Administrative Control in Iragi Industrail Companies / _cاعداد عذاب عقاب احمد الجبوري؛ اشراف مأمون محمد القضاة |
| 264 | 3 | 1 | _a2021 |
| 300 | _a100 ورقة | ||
| 336 |
_atext _btxt _2rdacontent |
||
| 337 |
_aunmediated _bn _2rdamedia |
||
| 338 |
_avolume _bnc _2rdacarrier |
||
| 500 | _aرسالة جامعية(اطروحة ماجستير) تخصص المحاسبة/كلية ادارة الاعمال، جامعة عجلون الوطنية، 2021 | ||
| 650 | 4 |
_aالرقابة المحاسبيه والادارية-الشركات الصناعية-العراق _961435 |
|
| 700 | 1 |
_aالقضاة، مأمون محمد _965625 _eمشرف |
|
| 942 |
_2lcc _cTHS |
||
| 999 |
_c31337 _d31337 |
||